01940nam a2200421 a 45000010005000000030009000050050017000140080041000310100017000720200015000890200018001040250017001220350020001390400028001590410008001870500027001950820027002221000029002492450071002782600043003493000034003925000108004265040051005345260014005855900016005996500034006156510040006496530024006898560131007139420014008449990015008589990015008739520126008889520126010149520126011409520126012669520126013925175BD-DhEWU20190304110543.0960614s1996 bg b b 001 0 eng  a 96902736  a9840513265 a9789840513260 aB-E-96902736 a(OCoLC)34944137 aDLCcDLCbengdBD-DhEWU aeng00aHC440.8.Z9bP6159 1996 a339.46095492bHYB 19961 aHye, Hasnat Abdul.9572010aBelow the line :brural poverty in Bangladesh /cHasnat Abdul Hye. aDhaka :bUniversity Press Ltd.,c1996. axxi, 278 p. :bmaps ;c22 cm. aOnline version: Hye, Hasnat Abdul. Below the line. Dhaka : University Press Ltd., 1996 (OCoLC)605672483 aIncludes bibliographical references and index. aEconomics aTahur Ahmed 0aRural poorzBangladesh.91124 0aBangladeshxRural conditions.91125 aEconomics, Poverty.423WorldCat detailsuhttp://www.worldcat.org/title/below-the-line-rural-poverty-in-bangladesh/oclc/34944137&referer=brief_results 2ddccTEXT c5175d5175 c5175d5175 00102ddc40708NFICaEWUbEWUcCIRd2006-11-27eKarim Internationalg250.00l0o339.46095492 HYB 1996p19334tC-3yTEXT 00102ddc40708NFICaEWUbEWUcCIRd2006-11-27eKarim Internationalg250.00l0o339.46095492 HYB 1996p19335tC-4yTEXT 00102ddc40708NFICaEWUbEWUcCIRd2006-11-27eKarim Internationalg250.00l0o339.46095492 HYB 1996p19336tC-5yTEXT 00102ddc40718NFICaEWUbEWUcREVd2006-11-27eKarim Internationalg250.00l0o339.46095492 HYB 1996p19332tC-1yTEXT 00102ddc40708NFICaEWUbEWUcCIRd2006-11-27eKarim Internationalg250.00l0o339.46095492 HYB 1996p19333tC-2yTEXT